000 00374nam a2200133Ia 4500
008 220217s9999||||xx |||||||||||||| ||und||
020 _a9788131708086
082 _a004.22 SIM
100 _aSima, Dezso and others
245 0 _aAdvanced Computer Architectures
260 _aPearson education
_bNew Delhi
_c2011
300 _a790
_b655
650 _aCOMPUTER ARCHITECTURE
999 _c183047
_d183047